LEADER 01719nam 2200505 450 001 9910150558203321 005 20211021135229.0 010 $a3-653-06475-9 010 $a3-631-70027-X 035 $a(CKB)3710000000943776 035 $a(MiAaPQ)EBC4740764 035 $a(WaSeSS)IndRDA00112013 035 $a(PPN)229151205 035 $a(EXLCZ)993710000000943776 100 $a20161128h20162016 uy 0 101 0 $ager 135 $aurcnu|||||||| 181 $2rdacontent 182 $2rdamedia 183 $2rdacarrier 200 14$aDer Europa-diskurs der Russischen orthodoxen Kirche (1996-2011) /$fAlena Alshanskaya 210 1$aFrankfurt, [Germany] :$cPeter Lang Edition,$d2016. 210 4$dİ2016 215 $a1 online resource (365 pages) 225 1 $aErfurter Studien zur Kulturgeschichte des Orthodoxen Christentums ;$vBand 12 311 $a3-631-66786-8 320 $aIncludes bibliographical references. 410 0$aErfurter Studien zur Kulturgeschichte des orthodoxen Christentums ;$vBand 12. 606 $aChurch and state$zSoviet Union 606 $aIdentification (Religion) 607 $aEurope$xForeign relations$zRussia (Federation) 607 $aRussia (Federation)$xForeign relations$zEurope 607 $aEurope$xChurch history$y20th century 607 $aEurope$xChurch history$y21st century 615 0$aChurch and state 615 0$aIdentification (Religion) 676 $a322.10947 700 $aAlshanskaya$b Alena$01232323 801 0$bMiAaPQ 801 1$bMiAaPQ 801 2$bMiAaPQ 906 $aBOOK 912 $a9910150558203321 996 $aDer Europa-diskurs der Russischen orthodoxen Kirche (1996-2011)$92861236 997 $aUNINA LEADER 03651nam 2200661 a 450 001 9910965775803321 005 20240516184156.0 010 $a9781283941112 010 $a1283941112 010 $a9781118419960 010 $a1118419960 035 $a(CKB)2670000000317132 035 $a(EBL)947598 035 $a(OCoLC)826453083 035 $a(SSID)ssj0000804231 035 $a(PQKBManifestationID)11464889 035 $a(PQKBTitleCode)TC0000804231 035 $a(PQKBWorkID)10814430 035 $a(PQKB)11734215 035 $a(MiAaPQ)EBC947598 035 $a(Au-PeEL)EBL947598 035 $a(CaPaEBR)ebr10643070 035 $a(CaONFJC)MIL425361 035 $a(Perlego)2786670 035 $a(EXLCZ)992670000000317132 100 $a20120531d2013 uy 0 101 0 $aeng 135 $aur|n|---||||| 181 $ctxt 182 $cc 183 $acr 200 10$aTrading with intermarket analysis $ea visual approach to beating the financial markets using exchange-traded funds /$fJohn J. Murphy 205 $a1st ed. 210 $aHoboken, N.J. $cWiley$d2013 215 $a1 online resource (250 p.) 225 0$aWiley trading 300 $aIncludes index. 311 08$a9781118314371 311 08$a1118314379 327 $apt. 1. The old normal -- pt. 2. The 2000 and 2007 tops -- pt. 3. The business cycle and ETFs -- pt. 4. The new normal. 330 $a"A visual guide to market trading using intermarket analysis and exchange-traded fundsWith global markets and asset classes growing even more interconnected, intermarket analysis--the analysis of related asset classes or financial markets to determine their strengths and weaknesses--has become an essential part of any trader's due diligence. In Trading with Intermarket Analysis, John J. Murphy, former technical analyst for CNBC, lays out the technical and intermarket tools needed to understand global markets and illustrates how they help traders profit in volatile climates using exchange-traded funds.Armed with a knowledge of how economic forces impact various markets and financial sectors, investors and traders can profit by exploiting opportunities in markets about to rise and avoiding those poised to fall. Trading with Intermarket Analysis provides advice on trend following, chart patterns, moving averages, oscillators, spotting tops and bottoms, using exchange-traded funds, tracking market sectors, and the new world of intermarket relationships, all presented in a highly visual way. Gives readers a visually rich introduction to the world of intermarket analysis, the ultimate tool for beating the markets Provides practical advice on trend following, chart patterns, moving averages, oscillators, spotting tops and bottoms, using exchange-traded funds, tracking market sectors, and intermarket relationships Includes appendices on Japanese candlesticks and point-and-figure charting Comprehensive and easy-to-use, Trading with Intermarket Analysis presents the most important concepts related to using exchange-traded funds to beat the markets in a visually accessible format"--$cProvided by publisher. 410 0$aWiley Trading 606 $aInvestment analysis 606 $aExchange traded funds 606 $aStocks 615 0$aInvestment analysis. 615 0$aExchange traded funds. 615 0$aStocks. 676 $a332.63/27 686 $aBUS027000$2bisacsh 700 $aMurphy$b John J$0109302 801 0$bMiAaPQ 801 1$bMiAaPQ 801 2$bMiAaPQ 906 $aBOOK 912 $a9910965775803321 996 $aTrading with intermarket analysis$94070947 997 $aUNINA